Normal view MARC view
  • Valenzuela Navarrete, Gabriela

Entry Nombre Personal

Number of records used in: 3

001 - NUMERO DE CONTROL

  • campo de control: 44688

003 - IDENTIFICADOR DE NUMERO DE CONTROL

  • campo de control: DLC

005 - FECHA Y HORA DE LA ÜLTIMA TRANSACCIÓN

  • campo de control: 20220603124928.0

008 - DATOS DE LONGITUD FIJA

  • campo de control de longitud fija: 160610n| azannaabn |a aaa d

010 ## - NÚMERO DE CONTROL DE LA BIBLIOTECA DEL CONGRESO

  • Número de control LC: no2016078227

035 ## - NUMERO DE CONTROL

  • Número de control: (OCoLC)oca10496618

040 ## - FUENTE DE CATALOGACIÓN

  • Agencia original de catalogación: MX-MxUI
  • Lenguaje de catalogación: spa
  • Agencia de transcripción: MX-MxUI
  • Agencia que lo modifica: MX-MxUPN

100 1# - ENCABEZAMIENTO - NOMBRE PERSONAL

  • Nombre personal: Valenzuela Navarrete, Gabriela

370 ## - LUGAR ASOCIADO

  • Other associated place: Mexico City, Mexico
  • Associated country: Mexico

372 ## - CAMPO DE ACTIVIDAD

  • Field of activity: Literature
  • Fuente del término: lcsh

372 ## - CAMPO DE ACTIVIDAD

  • Field of activity: Modern literature

372 ## - CAMPO DE ACTIVIDAD

  • Field of activity: Editing

373 ## - GRUPO ASOCIADO

  • Associated group: Universidad Iberoamericana (Mexico City, Mexico)
  • Fuente del término: naf

373 ## - GRUPO ASOCIADO

  • Associated group: Universidad Autónoma de la Ciudad de México. Academia de Creación Literaria

374 ## - OCUPACIÓN

  • Occupation: Writer
  • Occupation: Professor
  • Occupation: Researcher
  • Occupation: Publisher

375 ## - GÉNERO

  • Gender: female

377 ## - LENGUA ASOCIADA

  • Language code: spa

670 ## - FUENTE EN LA QUE SE LOCALIZARON DATOS

  • Cita de la fuente: Cuento 2.0 consideraciones sobre el cuento mexicano en la era de Internet, 2016:
  • Información localizada: portada (Gabriela Valenzuela Navarrete)

670 ## - FUENTE EN LA QUE SE LOCALIZARON DATOS

  • Cita de la fuente: Instituto de Estudios Críticos, viewed June 10, 2016:
  • Información localizada: (Gabriela Valenzuela Navarrete; doctora en Letras Modernas por la Universidad Iberoamericana. Coeditora de la antología virtual Cinco décadas de cuento mexicano. Desde 2005 es profesora-investigadora de tiempo completo en la Universidad Autónoma de la Ciudad de México, Academia de Creación Literaria)
  • Uniform Resource Identifier: http://17edu.org/tipos-moviles/item/518-gabriela-valenzuela-navarrete

670 ## - FUENTE EN LA QUE SE LOCALIZARON DATOS

  • Cita de la fuente: Química I : segundo grado de enseñanza secundaria, 1994:
  • Información localizada: portada (Gabriela Valenzuela Navarrete)

902 ## - CATALOGADOR

  • Catalogador: VRC/030622